| 000 | 01100nam a22002291a 4500 | ||
|---|---|---|---|
| 001 | 18418 | ||
| 003 | OSt | ||
| 005 | 20260204212404.0 | ||
| 008 | 171120s2017||||dr ||||||b||||||||||spa|| | ||
| 090 | _aEDU-CS 2017 S15 | ||
| 100 | 1 |
_aSánchez Reyes, Lizarda _esustentante |
|
| 245 | 1 | _aIncidencia de la junta de Centro en el nivel secundario, Distrito 16-01 del Municipio de Cotuí, año escolar 2016-2017/ Lizarda Sánchez Reyes, Rafael Sánchez Vásquez y Amaury De Jesús Benavides Vásquez | |
| 260 |
_aCotuí, República Dominicana : _bUTECO, _c2017 |
||
| 300 |
_a68 hojas : _bIlustraciones ; _c28cm. |
||
| 502 | _aTrabajo de grado (Licenciatura en Educación, Mención Sociales)--Universidad Tecnológica del Cibao Oriental, 2017 | ||
| 504 | _aIncluye referencia bibliográfica e índice | ||
| 650 | 4 | _aIncidencia de la junta de Centro en el nivel secundario | |
| 700 | 1 |
_a Sánchez Vásquez, Rafael _esustentante |
|
| 700 | 1 |
_a Benavides Vásquez, Amaury De Jesús _esustentante |
|
| 830 | _aTesis y disertaciones académicas (Universidad Tecnológica del Cibao Oriental) | ||
| 942 |
_2LC _cTH |
||
| 999 |
_c18418 _d18418 |
||